000
00309nam a2200133Ia 4500
005
20251222142022.0
008
251222s9999||||xx |||||||||||||| ||spa||
082
_a
920/M26
100
_a
Marx, Karl
245
0
_a
El Dieciocho Brumario de Luis Bonaparte
250
_a
2a.ed.
264
_b
Ariel
942
_c
LIB
999
_c
10695
_d
10695